A Germany Question Tour - Statistics

General Stats
  • This quiz has been taken 30 times
  • The average score is 20 of 32
Answer Stats
Hint Answer % Correct
Cities 1: Capital of Bavaria Munich
100%
People 2: E=MC^2 Albert Einstein
96%
Cities 3: The second largest city in Germany; in medieval times to the 19th century, it was a member of the Hanseatic League Hamburg
96%
History 4: The fall of this structure marked a key point in the end of the Cold War. Berlin Wall
88%
Culture 3: Two brothers compiled this collection of fables, much of which remain iconic to this day. Grimm's Fairy Tales
88%
People 4: Inventor of the printing press. Johannes Gutenberg
88%
Culture 2: Bavarian festival known for beer consumption Oktoberfest
88%
People 3: Famous king of the Franks Charlemagne
85%
Natural Landmarks 2: In ancient times, this famous forest was home to the Suebi Gallic people Black Forest
81%
Composers 2: "Symphony No. 9 (Ode to Joy)," "Moonlight Sonata" Ludwig Van Beethoven
81%
History 1: Religious movement started by Martin Luther and his 95 theses against the Catholic Church Protestant Reformation
81%
Artificial Landmarks 3: The quadriga atop this Berlin monument was briefly stolen by the French army under Napoleon Brandenburg Gate
77%
History 3: Period of the slaughter of minorities in Nazi Germany; most notably Jewish people, but Romani, disabled, and LGBTQ+ people as well. Holocaust
73%
Composers 1: "Brandenburg Concertos," "Toccata and Fugue in D Minor" Johann Sebastian Bach
73%
Artificial Landmarks 2: Center of the German parliament Reichstag
73%
Vocab 4: (Conjunction) Und And
69%
People 1: Famous Prussian monarch who, despite his reputation for military strength, originally sought a career in music Frederick the Great
69%
Cities 2: City where the automobile is said to have been invented. Stuttgart
69%
Artificial Landmarks 1: Castle built under Ludwig II, the last king of Bavaria, to honor the composer Richard Wagner Neuschwanstein
62%
Cities 4: City home to the oldest university in Germany Heidelberg
58%
Vocab 1: (Noun) Leben Life
58%
Vocab 2: (Verb) Sehen To See
58%
Composers 4: Soundtracks for "Gladiator (2000)," "The Lion King (1994)," and "Dune (2021)" Hans Zimmer
54%
Natural Landmarks 1: The tallest mountain in Germany, overlooking Lake Eibsee Zugspitze
54%
Culture 1: A scholar is approached by and makes a contract with the Devil in this play by Johann Wolfgang van Goethe Faust
50%
Vocab 3: (Adjective) Bose Evil
35%
Culture 4: Released in 1927, this movie, directed by Fritz Lang and written by Thea von Harbeau, is considered the first major science fiction film. Metropolis
35%
Composers 3: "Songs without Words," "Wedding March." Felix Mendelssohn
19%
Artificial Landmarks 4: Tallest church in the world Ulm Minster
19%
Natural Landmarks 4: This national park crosses into Czechia and is named for its similarity to an Alpine country Saxon Switzerland
15%
Natural Landmarks 3: Chalky landmark on the Pomeranian coast Rugen Cliffs
12%
History 2: Period following the Thirty Years War that brought stability to the Holy Roman Empire Peace of Westphalia
8%
No matching quizzes found
Score Distribution
Percent of People with Each Score
Percentile by Number Answered
Your Score History
You have not taken this quiz